[Event "Aragon-chT Preferente Gr I"]
[Site "Aragon"]
[Date "2023.03.25"]
[Round "9.47"]
[White "Lacamara Pasamar, Miguel"]
[Black "Martinez Blanco, Ruben"]
[Result "1-0"]
[WhiteElo "1794"]
[BlackElo "1317"]
[PlyCount "79"]
[EventDate "2023.01.28"]
[EventType "team-tourn"]
[EventRounds "9"]
[EventCountry "ESP"]
[SourceTitle "EXT 2024"]
[Source "ChessBase"]
[SourceDate "2023.10.10"]
[SourceVersion "1"]
[SourceVersionDate "2023.10.10"]
[SourceQuality "1"]
[WhiteTeam "Helios II"]
[BlackTeam "Delicias II"]
[WhiteTeamCountry "ESP"]
[BlackTeamCountry "ESP"]

1. e4 c5 2. Nf3 Nc6 3. d4 cxd4 4. Nxd4 g6 5. Nc3 Bg7 6. Be3 Nf6 7. Bc4 0-0 8. Bb3 Qc7 9. 0-0 a6 10. Nd5 Nxd5 11. exd5 Nxd4 12. Bxd4 Bxd4 13. Qxd4 d6 14. Rfe1 b6 15. Re3 Bf5 16. g4 Bc8 17. h4 Qc5 18. Qf4 e5 19. dxe6 fxe6 20. Qg3 d5 21. c3 Ra7 22. Rd1 Rf6 23. Rd2 Raf7 24. Bd1 Qf8 25. Re5 Qg7 26. Re3 Rf4 27. Rf3 Qf8 28. Rxf4 Rxf4 29. Rd4 Rxd4 30. cxd4 Qe7 31. Qb8 Qb7 32. Qxb7 Bxb7 33. b4 h6 34. g5 hxg5 35. hxg5 Kf7 36. Be2 b5 37. Kg2 Ke7 38. Bd3 Kf7 39. Kg3 Kg7 40. Kf4 1-0

[Event "Aragon-chT Preferente Gr I"]
[Site "Aragon"]
[Date "2023.02.04"]
[Round "2.51"]
[White "Alvarez Gonzalo, Miguel Angel"]
[Black "Lacamara Pasamar, Miguel"]
[Result "0-1"]
[WhiteElo "1767"]
[BlackElo "1794"]
[PlyCount "172"]
[EventDate "2023.01.28"]
[EventType "team-tourn"]
[EventRounds "9"]
[EventCountry "ESP"]
[SourceTitle "EXT 2024"]
[Source "ChessBase"]
[SourceDate "2023.10.10"]
[SourceVersion "1"]
[SourceVersionDate "2023.10.10"]
[SourceQuality "1"]
[WhiteTeam "Casablanca MyInvestor II"]
[BlackTeam "Helios II"]
[WhiteTeamCountry "ESP"]
[BlackTeamCountry "ESP"]

1. c4 e5 2. g3 g6 3. Bg2 Nc6 4. Nc3 Bg7 5. e4 d6 6. Nge2 f5 7. d3 Nf6 8. 0-0 0-0 9. Nd5 Nxd5 10. cxd5 Ne7 11. f4 c6 12. dxc6 Qb6+ 13. Kh1 Nxc6 14. Nc3 Be6 15. Bd2 Rac8 16. Rb1 Qd4 17. Be1 exf4 18. gxf4 fxe4 19. dxe4 Qxd1 20. Rxd1 Bc4 21. Rf2 Nb4 22. Rfd2 Rxf4 23. Bg3 Rf6 24. Bxd6 Nc6 25. e5 Rf7 26. Bh3 Re8 27. b3 Be6 28. Bg2 Nxe5 29. Nd5 Bg4 30. Re1 Bf3 31. Nc7 Rc8 32. Ne6 Bxg2+ 33. Kxg2 Nf3 34. Ree2 Nxd2 35. Rxd2 Rd7 36. Nxg7 Rxg7 37. Bg3 Re7 38. Kh3 Rce8 39. a4 Re3 40. b4 R8e4 41. Rd8+ Kg7 42. Rd7+ Re7 43. Rd5 Kh6 44. a5 Rb3 45. Rd4 Kh5 46. Rh4+ Kg5 47. Rg4+ Kf5 48. Rf4+ Ke6 49. Re4+ Kd7 50. Rc4 Ke8 51. Kh4 Rbe3 52. Kh3 a6 53. Rc5 R3e4 54. b5 axb5 55. Rxb5 Rd7 56. Rc5 Red4 57. Rc8+ Kf7 58. Rc2 Rd2 59. Rc4 Rb2 60. Rc5 Ra2 61. Rb5 Ke8 62. Re5+ Kf7 63. Rb5 h5 64. Rc5 Ra3 65. Rb5 Kf6 66. Rb6+ Kf5 67. Rb5+ Ke4 68. Rg5 Rg7 69. Kh4 Rf3 70. Re5+ Kd4 71. Rg5 Kc4 72. Be5 Re7 73. Bg3 Re4+ 74. Kh3 Re6 75. Kh4 Rd3 76. Kh3 Rd5 77. Rxd5 Kxd5 78. Kh4 Kc5 79. Kg5 Kb5 80. Bc7 Rc6 81. Bb6 Rc2 82. h4 Rg2+ 83. Kf6 Rg4 84. Kf7 Rxh4 85. Kxg6 Ra4 86. Kxh5 Rxa5 0-1

[Event "Aragon-chT Preferente Gr I"]
[Site "Aragon"]
[Date "2023.01.28"]
[Round "1.36"]
[White "Barranco Castillo, Jose Antonio"]
[Black "Lacamara Pasamar, Miguel"]
[Result "0-1"]
[WhiteElo "1650"]
[BlackElo "1794"]
[PlyCount "60"]
[EventDate "2023.01.28"]
[EventType "team-tourn"]
[EventRounds "9"]
[EventCountry "ESP"]
[SourceTitle "EXT 2024"]
[Source "ChessBase"]
[SourceDate "2023.10.10"]
[SourceVersion "1"]
[SourceVersionDate "2023.10.10"]
[SourceQuality "1"]
[WhiteTeam "Iberajedrez Mundo 64 II"]
[BlackTeam "Helios II"]
[WhiteTeamCountry "ESP"]
[BlackTeamCountry "ESP"]

1. c4 e5 2. g3 Nc6 3. Bg2 g6 4. Nc3 Bg7 5. e4 d6 6. Nge2 f5 7. d3 Nf6 8. 0-0 0-0 9. Nd5 Ne7 10. Be3 c6 11. Nxf6+ Bxf6 12. Qd2 d5 13. cxd5 cxd5 14. Bc5 dxe4 15. Qb4 exd3 16. Rfd1 Be6 17. Nc3 b6 18. Bd6 e4 19. Nxe4 fxe4 20. Bxe4 Rc8 21. Rxd3 Qe8 22. Bb7 Rc4 23. Qe1 Bc8 24. Bxe7 Bxb7 25. Qe6+ Qf7 26. Qxf7+ Rxf7 27. Rd8+ Kg7 28. Bxf6+ Kxf6 29. b3 Rc2 30. g4 Kg5 0-1

[Event "Aragon-chT Preferente Gr I"]
[Site "Aragon"]
[Date "2022.03.12"]
[Round "7.41"]
[White "Lacamara Pasamar, Miguel"]
[Black "Crespo Laborda, Alberto"]
[Result "1-0"]
[WhiteElo "1769"]
[BlackElo "1552"]
[PlyCount "109"]
[EventDate "2022.01.29"]
[EventType "team-tourn"]
[EventRounds "9"]
[EventCountry "ESP"]
[SourceTitle "EXT 2024"]
[Source "ChessBase"]
[SourceDate "2023.10.10"]
[SourceVersion "1"]
[SourceVersionDate "2023.10.10"]
[SourceQuality "1"]
[WhiteTeam "Helios II"]
[BlackTeam "Palacio de Pioneros IV"]
[WhiteTeamCountry "ESP"]
[BlackTeamCountry "ESP"]

1. e4 e6 2. d3 d5 3. Nd2 Nf6 4. Ngf3 c5 5. g3 Nc6 6. Bg2 Be7 7. 0-0 0-0 8. e5 Nd7 9. Re1 Qc7 10. Qe2 b6 11. Nf1 Bb7 12. Bf4 Nb4 13. a3 Nc6 14. h4 h6 15. N1h2 g5 16. hxg5 hxg5 17. Nxg5 Bxg5 18. Qg4 Ne7 19. Qxg5+ Ng6 20. Ng4 Rfc8 21. Nf6+ Nxf6 22. exf6 Qd8 23. Rxe6 Rc6 24. Re7 Ba6 25. Bxd5 Rxf6 26. Re8+ Qxe8 27. Qxf6 Nxf4 28. Bxa8 Ne2+ 29. Kf1 Nd4 30. Qg5+ Kh8 31. Qh6+ Kg8 32. Be4 Nxc2 33. Qh7+ Kf8 34. Qh8+ Ke7 35. Qxe8+ Kxe8 36. Rc1 Nd4 37. b4 f5 38. Bd5 Bxd3+ 39. Kg2 Nc2 40. bxc5 bxc5 41. Bb3 Be4+ 42. f3 Bxf3+ 43. Kxf3 Nd4+ 44. Ke3 Nxb3 45. Rc3 f4+ 46. gxf4 c4 47. Rxc4 Na5 48. Rc7 a6 49. Kd3 Kd8 50. Ra7 Nb3 51. Kc4 Na5+ 52. Kd5 Kc8 53. Rxa6 Nb7 54. Ra8+ Kc7 55. Ra7 1-0

[Event "Aragon-chT Preferente Gr I"]
[Site "Aragon"]
[Date "2022.03.05"]
[Round "6.42"]
[White "Matamoros Villarreal, Antonio"]
[Black "Lacamara Pasamar, Miguel"]
[Result "0-1"]
[WhiteElo "1883"]
[BlackElo "1769"]
[PlyCount "62"]
[EventDate "2022.01.29"]
[EventType "team-tourn"]
[EventRounds "9"]
[EventCountry "ESP"]
[SourceTitle "EXT 2024"]
[Source "ChessBase"]
[SourceDate "2023.10.10"]
[SourceVersion "1"]
[SourceVersionDate "2023.10.10"]
[SourceQuality "1"]
[WhiteTeam "Las Fuentes"]
[BlackTeam "Helios II"]
[WhiteTeamCountry "ESP"]
[BlackTeamCountry "ESP"]

1. d4 c5 2. dxc5 Nf6 3. Nc3 e6 4. e4 Bxc5 5. Bd3 Qb6 6. Qe2 Nc6 7. Nf3 Nd4 8. Nxd4 Bxd4 9. 0-0 Bxc3 10. bxc3 Qc7 11. c4 b6 12. e5 Ng8 13. Qg4 Qxe5 14. Bf4 Qd4 15. c3 Qxd3 16. Qxg7 Qg6 17. Qxh8 Bb7 18. f3 f6 19. Bh6 Kf7 20. Rad1 Bc6 21. Qg7+ Qxg7 22. Bxg7 Kxg7 23. Kf2 Ne7 24. g4 Ng6 25. Rd4 Ne5 26. Kg2 Kf7 27. Rf2 Rg8 28. h3 h5 29. Kg3 h4+ 30. Kg2 f5 31. Rf4 Nd3 0-1

[Event "Aragon-chT Preferente Gr I"]
[Site "Aragon"]
[Date "2022.02.05"]
[Round "2.35"]
[White "Carruez Berges, Santiago"]
[Black "Lacamara Pasamar, Miguel"]
[Result "1/2-1/2"]
[WhiteElo "1971"]
[BlackElo "1769"]
[PlyCount "83"]
[EventDate "2022.01.29"]
[EventType "team-tourn"]
[EventRounds "9"]
[EventCountry "ESP"]
[SourceTitle "EXT 2024"]
[Source "ChessBase"]
[SourceDate "2023.10.10"]
[SourceVersion "1"]
[SourceVersionDate "2023.10.10"]
[SourceQuality "1"]
[WhiteTeam "Agrupacion II"]
[BlackTeam "Helios II"]
[WhiteTeamCountry "ESP"]
[BlackTeamCountry "ESP"]

1. e4 e6 2. d4 d5 3. Nc3 Bb4 4. e5 b6 5. Bd2 Nc6 6. a3 Bf8 7. Nf3 Bb7 8. Bd3 Qd7 9. Qe2 0-0-0 10. Bb5 Nge7 11. 0-0-0 Kb8 12. h4 h5 13. Bg5 Rc8 14. Bxe7 Qxe7 15. Bxc6 Bxc6 16. Ng5 Be8 17. Kb1 c5 18. Nb5 Qd7 19. Nd6 Bxd6 20. exd6 Qxd6 21. Nf3 c4 22. Qe5 Qxe5 23. dxe5 f6 24. Rhe1 Bd7 25. Nd4 Rce8 26. f4 Rhf8 27. g3 Kc7 28. Re3 fxe5 29. Rxe5 Rh8 30. Rde1 Kd6 31. Kc1 g6 32. Kd2 a5 33. Nf3 Rhf8 34. Nd4 Rf6 35. Kc3 Rb8 36. a4 Re8 37. b3 cxb3 38. cxb3 Rc8+ 39. Kd3 Rc7 40. Kd2 Rc5 41. R1e3 Rc7 42. Re1 1/2-1/2

[Event "Aragon-chT Preferente"]
[Site "Aragon"]
[Date "2021.05.15"]
[Round "8.40"]
[White "Caballero Ortin, Jorge"]
[Black "Lacamara Pasamar, Miguel"]
[Result "0-1"]
[WhiteElo "1677"]
[BlackElo "1639"]
[PlyCount "50"]
[EventDate "2021.03.13"]
[EventType "team-tourn"]
[EventRounds "9"]
[EventCountry "ESP"]
[SourceTitle "EXT 2024"]
[Source "ChessBase"]
[SourceDate "2023.10.10"]
[SourceVersion "1"]
[SourceVersionDate "2023.10.10"]
[SourceQuality "1"]
[WhiteTeam "Palacio de Pioneros III"]
[BlackTeam "Helios II"]
[WhiteTeamCountry "ESP"]
[BlackTeamCountry "ESP"]

1. e4 e6 2. d4 d5 3. Nc3 Bb4 4. e5 c5 5. a3 Bxc3+ 6. bxc3 Ne7 7. Qg4 Ng6 8. h4 h5 9. Qg3 cxd4 10. cxd4 Qa5+ 11. Bd2 Qb6 12. Bd3 Qxd4 13. Nf3 Qxa1+ 14. Ke2 Qxh1 15. Bxg6 fxg6 16. Qxg6+ Kd7 17. Qxg7+ Kc6 18. Qe7 Qb1 19. a4 Kb6 20. Nd4 Nc6 21. Qd6 Rd8 22. a5+ Ka6 23. Qc5 Nxd4+ 24. Qxd4 Bd7 25. Be3 Qxc2+ 0-1

[Event "Aragon-chT Preferente"]
[Site "Aragon"]
[Date "2021.04.17"]
[Round "5.41"]
[White "Lacamara Pasamar, Miguel"]
[Black "Aznar Jimenez, Gonzalo"]
[Result "1-0"]
[WhiteElo "1639"]
[BlackElo "1205"]
[PlyCount "93"]
[EventDate "2021.03.13"]
[EventType "team-tourn"]
[EventRounds "9"]
[EventCountry "ESP"]
[SourceTitle "EXT 2024"]
[Source "ChessBase"]
[SourceDate "2023.10.10"]
[SourceVersion "1"]
[SourceVersionDate "2023.10.10"]
[SourceQuality "1"]
[WhiteTeam "Helios II"]
[BlackTeam "Delicias II"]
[WhiteTeamCountry "ESP"]
[BlackTeamCountry "ESP"]

1. e4 e5 2. Nf3 Nc6 3. Bc4 Bc5 4. 0-0 Nf6 5. d3 0-0 6. c3 d6 7. h3 Re8 8. Ng5 Be6 9. Nxe6 fxe6 10. b4 Bb6 11. Bg5 d5 12. exd5 exd5 13. Bxf6 Qxf6 14. Bxd5+ Kh8 15. Qf3 Qxf3 16. Bxf3 Rad8 17. Be4 a6 18. Nd2 Ne7 19. Nc4 Ng6 20. Nxb6 cxb6 21. g3 Re7 22. Bxg6 hxg6 23. Rad1 Kg8 24. Rfe1 Kf7 25. Re3 e4 26. d4 Rc7 27. Rc1 Rxd4 28. cxd4 Rxc1+ 29. Kg2 Rc4 30. Rxe4 Rxb4 31. Kf3 Ra4 32. Ke3 Rxa2 33. d5 Ra5 34. Re5 Kf6 35. Re6+ Kf7 36. Kd4 Ra1 37. Rxb6 Rd1+ 38. Ke5 Re1+ 39. Kd4 Rd1+ 40. Kc5 Rc1+ 41. Kd6 Rc2 42. Rxb7+ Kf8 43. Kd7 Rxf2 44. d6 Rf7+ 45. Kc8 Rxb7 46. Kxb7 Ke8 47. Kc7 1-0